• Valdés Solís, Martín Andréu

di Personal Name

Records bibliografici associati: 1

001 - CONTROL NUMBER

  • control field: 38526

003 - CONTROL NUMBER IDENTIFIER

  • control field: IT-RoINE

005 - DATE AND TIME OF LATEST TRANSACTION

  • control field: 20170912103654.0

008 - FIXED-LENGTH DATA ELEMENTS

  • fixed length control field: 170912|| aca||aabn | a|a d

040 ## - CATALOGING SOURCE

  • Original cataloging agency: IT-RoINE
  • Transcribing agency: IT-RoINE

100 ## - HEADING--PERSONAL NAME

  • Personal name: Valdés Solís, Martín Andréu

670 ## - SOURCE DATA FOUND

  • Source citation: Work cat.: (IT-RoINE): Isidoro, 5667 Santo, Arzobispo de Sevilla, 560-636, De los sinónimos en la lamentación del alma pecadora /, 1944.